U.S. Latino literature : an essay and annotated bibliography /
Guardado en:
| Hovedforfatter: | |
|---|---|
| Format: | Bog |
| Sprog: | English |
| Udgivet: |
Chicago, Ilinois. :
MARCH/Abrazo Press,
c1992.
|
| Udgivelse: | 2. edición |
| Fag: | |
| Tags: |
Tilføj Tag
Ingen Tags, Vær først til at tagge denne postø!
|
MARC
| LEADER | 00000fam a2200000 a 4500 | ||
|---|---|---|---|
| 001 | 1428458 | ||
| 005 | 20150730152038.0 | ||
| 008 | 920716s1992 ilu 000 0 eng | ||
| 020 | |a 1877636010 : | ||
| 040 | |a DLC |c DLC |d CIICLA | ||
| 082 | 0 | 0 | |a 016.810.808 |2 20 |b Z73u2 |
| 100 | 1 | |a Zimmerman, Marc | |
| 245 | 1 | 0 | |a U.S. Latino literature : |b an essay and annotated bibliography / |c Marc Zimmerman. |
| 250 | |a 2. edición | ||
| 260 | |a Chicago, Ilinois. : |b MARCH/Abrazo Press, |c c1992. | ||
| 300 | |a 156 páginas ; |c 22 centímetros. | ||
| 500 | |a " Revisada, ampliada y corregida segunda edición de US literatura latina : la expresión creativa de un pueblo , encargado y publicado por la Biblioteca Pública de Chicago en 1990 " - Tp verso . . | ||
| 650 | 1 | 4 | |a LITERATURA ESTADOUNIDENSE |x AUTORES HISPANOAMERICANOS |v BIBLIOGRAFIAS |
| 650 | 1 | 0 | |a LITERATURA HISPANOAMERICANA (ESPAÑOL) |v BIBLIOGRAFIAS |
| 650 | 1 | 4 | |a AUTORES HISPANOAMERICANOS EN LITERATRA |v BIBLIOGRAFIAS |
| 650 | 1 | 4 | |a LITERATURA CHICANA |
| 650 | 1 | 4 | |a LITERATURA CUBANA |9 40 |
| 650 | 1 | 4 | |a LITERATURA PUERTORRIQUEÑA |
| 942 | |2 ddc |c REF | ||
| 999 | |c 4449 |d 4449 | ||



